BIBLIOTECA

SENCICO

Renovación de la vivienda: objetivos y estrategias (Registro nro. 2356)

Detalles MARC
000 -LEADER
fixed length control field 00748nam a2200217Ia 4500
005 - DATE AND TIME OF LATEST TRANSACTION
control field 20251020182540.0
008 - FIXED-LENGTH DATA ELEMENTS--GENERAL INFORMATION
fixed length control field 200515s9999 xx 000 0 und d
082 ## - DEWEY DECIMAL CLASSIFICATION NUMBER
Classification number 728.20/P40
100 ## - MAIN ENTRY--PERSONAL NAME
Personal name PEPPER, Simon
245 #0 - TITLE STATEMENT
Title Renovación de la vivienda: objetivos y estrategias
260 ## - PUBLICATION, DISTRIBUTION, ETC.
Place of publication, distribution, etc. Barcelona
260 ## - PUBLICATION, DISTRIBUTION, ETC.
Date of publication, distribution, etc. 1975
300 ## - PHYSICAL DESCRIPTION
Extent 270
500 ## - GENERAL NOTE
General note 1 ejemplar
520 ## - SUMMARY, ETC.
Summary, etc. Se centra en el estudio de la política y los criterios que guían las más recientes experiencias en lo concerniente a la renovación del patrimonio de las viviendas obsoletas y degradadas en vista a su acondicionamiento y rentabilización
650 ## - SUBJECT ADDED ENTRY--TOPICAL TERM
Topical term or geographic name entry element LIB
650 ## - SUBJECT ADDED ENTRY--TOPICAL TERM
Topical term or geographic name entry element REHABILITACION DE VIVIENDAS
650 ## - SUBJECT ADDED ENTRY--TOPICAL TERM
Topical term or geographic name entry element RENOVACION
650 ## - SUBJECT ADDED ENTRY--TOPICAL TERM
Topical term or geographic name entry element VIVIENDAS
942 ## - ADDED ENTRY ELEMENTS (KOHA)
Koha item type Libros
Existencias
Fecha de la última vez que lo usaron Pago total Signatura topográfica completa Código de barras Precio efectivo desde Tipo de documento Estado perdido Estado dañado No es para préstamo Retirado Ubicación permanente Ubicación actual Fecha de adquisición
15/05/2020   728.20/P40 Bib-Lima15052356 15/05/2020 Libros         Biblioteca Central Lima Biblioteca Central Lima 15/05/2020